00412 a2200145 4500010001400000020002300014035001300037037001500050082000800065100001700073245004300090260004000133270006900173300002400242 aENG-87957 a8185599696c275.00 aEN-71490 bDBAD / PUB14a8811 aDeepak, D.S.1 aDactylology in Poesy /cby D.S. Deepak aJammubYak Publishing Channelc2005 aPost Box No.130, Wadha Vehra, Pacca Danga, JAMMUbJ & Ke180 001 a86 p.c21 cm ( Hb.)